| 000 | 005010c a2200169 4500 | ||
|---|---|---|---|
| 001 | aIQ000946 | ||
| 008 | a t19881988mx spa | ||
| 020 | _a9686164057 | ||
| 050 |
_aHD9560 _bA44 1988 |
||
| 100 | _aAlemán Valdés, Miguel | ||
| 245 |
_aLa Verdad del petróleo en México / _cMiguel Alemán Valdés. |
||
| 250 | _aEdición Conmemorativa | ||
| 260 |
_aMéxico : _bPetroleos Mexicanos, _cc1988 |
||
| 300 |
_a605 p. ; _c24 cm. |
||
| 650 |
_aPetróleo _zMéxico _2Lemb |
||
| 942 |
_2lcc _cLIB |
||
| 999 |
_c74370 _d74370 |
||